| 000 | 00000nam##2200000za#4500 |
| 001 | 9.625605 |
| 003 | CaOODSP |
| 005 | 20200421163410 |
| 007 | ta |
| 008 | 150406|2000||||xxc||||| f|0| 0 fre|d |
| 020 | |a0-662-85693-7 |
| 040 | |aCaOODSP|bfre |
| 043 | |an-cn--- |
| 086 | 1 |aNH18-23/53F |
| 110 | 2 |aSociété canadienne d'hypothèques et de logement. |
| 245 | 10|aTrois études sur l'infrastructure municipale: mécanismes de financement, gestion de la demande et partenariats publics-privés |
| 260 | |aOttawa - Ontario : |bSociété canadienne d'hypothèques et de logement |c2000. |
| 300 | |a3p. : |btableaux ; |c28 cm. |
| 490 | 1 |aLe point en recherche. Série socio-économique |v53 |
| 563 | |aDépliant |
| 590 | |a01-11|b2001-03-16 |
| 691 | 07|aCommunauté urbaine|2gcpds |
| 691 | 07|aServices communautaires|2gcpds |
| 691 | 07|aCoût|2gcpds |
| 691 | 07|aFinancement|2gcpds |
| 775 | 08|tThree studies on municipal infrastructure: alternative financing methods, demand management and public-private partnerships |w(CaOODSP)9.615545 |
| 776 | 0#|tTrois études sur l'infrastructure municipale : |w(CaOODSP)9.602149 |
| 830 | #0|aLe point en recherche. Série socio-économique ;|v53|w(CaOODSP)9.513180 |
| 986 | |aLNH 2267 |